Theodora - Chansons de l'album Bad Boy Lovestory/MEGA BBL - Statistiques

Statistiques générales
  • Ce quiz a été pris 11 fois
  • Le résultat moyen est 16 sur 25
Statistiques - réponses
Hint Réponse % Correct
Bad Boy Lovestory 2 Fashion Designa
100%
Bad Boy Lovestory 3 243 km/h (feat. Zoomy)
80%
Bad Boy Lovestory 9 #Il
80%
Bad Boy Lovestory 4 Kongolese sous BBL
80%
Bad Boy Lovestory 10 Big Boss Lady (feat. Jahlys)
70%
Méga BBL 2 Do U Wanna ?
70%
Bad Boy Lovestory 8 Ils me rient tous au nez
70%
Méga BBL 12 Ils me rient tous au nez (Live Version) (feat. Chilly Gonzales)
70%
Méga BBL 6 I Wanna
70%
Méga BBL 7 Mon bébé (feat. Brazy)
70%
Méga BBL 3 Papa <3
70%
Méga BBL 1 Pay! (feat. Guy2Bezbar)
70%
Méga BBL 4 Zou Bisou (feat. Jul)
70%
Bad Boy Lovestory 5 Bad Boy Lovestory
60%
Méga BBL 11 Boss Babies (feat. BB Trickz)
60%
Bad Boy Lovestory 1 FNG
60%
Méga BBL 8 Go! (feat. Luidji)
60%
Méga BBL 10 Les oiseaux rares (feat. Juliette Armanet)
60%
Méga BBL 5 Massoko Na Mabele (feat. ThisizLondon)
60%
Bad Boy Lovestory 12 Mon casque
60%
Bad Boy Lovestory 11 Un meilleur nous
60%
Bad Boy Lovestory 13 Doutes en boucle
40%
Bad Boy Lovestory 7 Entracte : Histoire d'amour, commérages et Chardonnay
40%
Méga BBL 9 Bad Boy Lacked
30%
Bad Boy Lovestory 6 Sorry Sorry So
30%
Aucun quiz correspondant
Distribution des résultats
% des personnes avec chaque résultat
Percentile par nombre de réponses
Votre historique - résultats
Vous n’avez pas pris ce quiz